Systém monitorovania a ovládania zariadení budov

Salvato in:
Dettagli Bibliografici
Autore principale: Köplinger, Richard (Autore)
Altri autori: Honek, Marek (Relatore della tesi)
Natura: Manoscritto Libro
Lingua:slovacco
Pubblicazione: 2017
Soggetti:
Accesso online:http://is.stuba.sk/zp/portal_zp.pl?podrobnosti=118390
Tags: Aggiungi Tag
Nessun Tag, puoi essere il primo ad aggiungerne!!

MARC

LEADER 00000ntm a22000003a 4500
001 stuzp65116
003 SK-STU
005 20170624213913.1
007 ta
008 150427s2015----xo-----f-mn---000-0-slo-d
040 |a STU  |b slo 
041 0 |a slo 
100 1 |a Köplinger, Richard  |u 020020  |4 aut  |U SjF Strojnícka fakulta  |T SjF Ústav automatizácie, merania a aplikovanej informatiky  |X 76352  |U J0020  |Y 802  |7 76352 
242 0 1 |a System for monitoring and control of facilities in buildings  |y eng 
245 1 0 |a Systém monitorovania a ovládania zariadení budov 
260 |c 2017 
650 4 |a Arduino  |2 slo 
650 4 |a AVR  |2 slo 
650 4 |a Automatizácia budov  |2 slo 
650 4 |a Django  |2 slo 
650 4 |a HTTP  |2 slo 
650 4 |a Django  |2 eng 
650 4 |a Building automation  |2 eng 
650 4 |a AVR  |2 eng 
650 4 |a Arduino  |2 eng 
650 4 |a HTTP  |2 eng 
700 1 |a Honek, Marek  |u 020020  |k Z2  |4 ths  |U SjF Strojnícka fakulta  |T SjF Ústav automatizácie, merania a aplikovanej informatiky  |X 28245  |U J0020  |Y 802  |7 A000028245 
856 4 |u http://is.stuba.sk/zp/portal_zp.pl?podrobnosti=118390 
996 |b 284J045283  |c J* 2753/BP  |l JJSK  |s A  |a 24  |w stuzp65116_0001